000 01251nam a2200337 i 4500
001 198009
003 ES-MaACL
005 20260311063045.0
007 ta
008 251217s2025 sp a|||| |||| 001 1 spa d
017 _aM 20456-2025
_bOficina Depósito Legal Madrid
020 _a979-13-87603-43-4
040 _aES-MaACL
_bspa
_cES-MaACL
_erda
080 _a821.134.2-31"19"
100 1 _aNuño Chico, María
_9242631
_4aut
_eaut
245 1 0 _aMudanzas de un escudero /
_cMaría Nuño Chico
250 _aPrimera edición: octubre de 2025
264 1 _aTres Cantos, Madrid :
_bDidot,
_c2025
300 _a331 páginas :
_bilustraciones (blanco y negro) ;
_c21 cm
336 _2rdacontent
_atexto
337 _2rdamedia
_asin mediación
338 _2rdacarrier
_avolumen
500 _aEjemplar firmado y dedicado por la autora
500 _aÍndice
655 4 _2tgfbne
_9226782
_aNovelas históricas
852 _aES-MaACL
_cDEPO1
_jA-15981
_gDedicatoria autógrafa de la autora
_hDonación: María Nuño Chico
_xEncuadernación rústica con solapas
_9207123
942 _cMONOGRAFIA
_n0
999 _c198009
_d198009